| 000 | 01336nam a22003497a 4500 | ||
|---|---|---|---|
| 003 | CHAP | ||
| 005 | 20220329141728.0 | ||
| 008 | 971013s1984 r 00010 d | ||
| 010 | _a72921 | ||
| 011 | _a73893 | ||
| 035 | _a83451 | ||
| 040 | _cCHAP | ||
| 090 | _aTesis | ||
| 100 | 0 | 0 |
_aCantú Garza, Jesús María. _918503 |
| 245 | _aDeterminación del mejor nivel de aplicación de estiércol seco de bovino en el cultivo de la sandía (Citrullus vulgaris) var. Jubilee bajo condiciones de campo experimental de la Palma, Apodaca, N.L., verano otoño 1983 | ||
| 260 |
_aMonterrey, N.L. : _bEl autor, _c1984 |
||
| 300 |
_a76 h. _b: gráfs. |
||
| 502 | _aTesis (Ing. Agr. Esp. en Producción -- ITESM. División de Ciencias Agropecuarias y Marítimas | ||
| 590 |
_aALEPH _b10 _c20130110 _lUCH01 _h1414 |
||
| 590 |
_aBATCH-UPD _b10 _c20130110 _lUCH01 _h0327 |
||
| 590 |
_aBATCH-UPD _b10 _c20130110 _lUCH01 _h1942 |
||
| 590 |
_aBATCH-UPD _b10 _c20130410 _lUCH01 _h0000 |
||
| 590 |
_aBATCH-UPD _b10 _c20130410 _lUCH01 _h1604 |
||
| 590 |
_aBATCH-UPD _b10 _c20130914 _lUCH01 _h0834 |
||
| 590 |
_aCONVERSION _b10 _c20130109 _lUCH01 _h1340 |
||
| 650 | 1 | 4 |
_aAbonos _xEfecto en sandia. _9262 |
| 650 | 1 | 4 |
_aEstiércol de vaca. _938326 |
| 650 | 1 | 4 |
_aSandía. _9102056 |
| 901 | _aBK | ||
| 942 | _cTESIS | ||
| 949 |
_bBC _cTES _d-38030 _eTS1 _h17655 _i83451 _si |
||
| 999 |
_c72921 _d72921 |
||